000 01308cam a22003854a 4500
001 12565614
003 OSt
005 20260313135847.0
008 011016s2001 tnu b 000 0 eng
010 _a 2001046969
020 _a0849937027
_qpbk.
020 _z9781418519124 (ebook)
020 _a9780849937026
_q(pbk.)
035 _a12565614
040 _aDLC
_cDLC
_dDLC
042 _apcc
050 0 0 _aBV4597.53.S44
_bM43 2001
082 0 0 _a248.4
_221
100 1 _aMeberg, Marilyn.
245 1 4 _aThe zippered heart /
_cMarilyn Meberg.
260 _aNashville, Tenn. :
_bW Pub. Group,
_cc2001.
300 _avii, 210 p. ;
_c22 cm.
336 _atext
_btxt
_2rdacontent
337 _aunmediated
_bn
_2rdamedia
338 _avolume
_bnc
_2rdacarrier
504 _aIncludes bibliographical references.
650 0 _aSelf-disclosure
_xReligious aspects
_xChristianity.
650 0 _aChristian life.
650 0 _aSin
_xChristianity.
856 4 2 _3Publisher description
_uhttp://www.loc.gov/catdir/enhancements/fy0612/2001046969-d.html
906 _a7
_bcbc
_corignew
_d1
_eocip
_f20
_gy-gencatlg
942 _2lcc
_cBK
999 _c21393
_d21392